[Event "40th Bosna Open"]
[Site "Sarajevo BIH"]
[Date "2010.05.08"]
[Round "4"]
[White "Dizdarevic,E"]
[Black "Geetha,Narayanan Gopal"]
[Result "1/2-1/2"]
[WhiteElo "2498"]
[BlackElo "2604"]
[EventDate "2010.05.05"]

1. Nf3 g6 2. g3 Bg7 3. d4 c5 4. c3 Na6 5. Bg2 d5 6. O-O Nf6 7. Bf4 O-O 8.
Qb3 Qb6 9. Nbd2 Bf5 10. Rfe1 cxd4 11. Nxd4 Nc5 12. Qa3 Rac8 13. Be5 Rfd8
14. Rad1 Bf8 15. Nxf5 gxf5 16. Nb3 Ng4 17. Bd4 e5 18. Nxc5 exd4 19. b4 dxc3
20. Qxc3 Rxc5 21. bxc5 Bxc5 22. e3 Bb4 23. Qc2 Bxe1 24. Rxe1 Qe6 25. Rd1
Rd7 26. e4 fxe4 27. Bxe4 Qh6 28. h4 Nf6 29. Bf5 Re7 30. Kg2 Qh5 31. Rd2 Kg7
32. Qc5 Re5 33. Bd3 Ne4 34. Bxe4 dxe4 35. Qxa7 1/2-1/2

[Event "40th Bosna Open"]
[Site "Sarajevo BIH"]
[Date "2010.05.08"]
[Round "4"]
[White "Petrosian,DG"]
[Black "Brkic,A"]
[Result "0-1"]
[WhiteElo "2490"]
[BlackElo "2573"]
[EventDate "2010.05.05"]

1. e4 c5 2. Nf3 d6 3. d4 cxd4 4. Nxd4 Nf6 5. Nc3 Bd7 6. Bc4 e6 7. f4 Nc6 8.
f5 Nxd4 9. Qxd4 a6 10. Bg5 Be7 11. O-O-O Rc8 12. fxe6 fxe6 13. Bb3 Qa5 14.
Bxf6 gxf6 15. Ne2 Qe5 16. c3 Rg8 17. Qf2 Rg4 18. Ng3 Qf4+ 19. Qxf4 Rxf4 20.
Rhf1 Rxf1 21. Rxf1 Rc5 22. Kd1 a5 23. Rf4 a4 24. Bc2 a3 25. bxa3 d5 26.
exd5 Rxd5+ 27. Rd4 Rg5 28. Be4 Bc5 29. Rd2 b6 30. Bf3 f5 31. Nh5 Ke7 32. h4
Ba4+ 33. Ke1 Rg8 34. Kf1 Be3 35. Rb2 Rc8 36. Rb4 Bc2 37. Nf4 Rxc3 38. Ke2
Bxf4 39. Rxf4 Rxa3 40. Rb4 b5 41. Rb2 Bd3+ 42. Kf2 Bc4 43. Bc6 Ra5 44. Rd2
Ra6 45. Rd7+ Kf6 46. Bf3 Rxa2+ 47. Kg3 b4 48. Rc7 Rc2 49. Bd1 Rc1 50. Ba4
Rc3+ 51. Kf2 Bb5 52. Ra7 Ra3 0-1

[Event "40th Bosna Open"]
[Site "Sarajevo BIH"]
[Date "2010.05.08"]
[Round "4"]
[White "Godena,M"]
[Black "Durarbeyli,V"]
[Result "1/2-1/2"]
[WhiteElo "2554"]
[BlackElo "2487"]
[EventDate "2010.05.05"]

1. e4 c5 2. c3 d5 3. exd5 Qxd5 4. d4 Nf6 5. Nf3 Bg4 6. Nbd2 Nc6 7. Bc4 Bxf3
8. Qb3 Na5 9. Qb5+ Qd7 10. Nxf3 Nxc4 11. Qxc4 cxd4 12. Nxd4 e6 13. Bg5 Nd5
14. O-O-O Rc8 15. Qb5 Qxb5 16. Nxb5 Rc5 17. Nxa7 Be7 18. Bd2 O-O 19. Kb1
Ra8 20. Nb5 Rxb5 21. c4 Rc5 22. cxd5 Rxd5 23. Bc3 Rad8 24. Kc2 Kf8 25. Rxd5
Rxd5 26. Rd1 Rf5 27. f3 Ke8 28. a4 h5 29. b4 g5 30. h3 g4 31. hxg4 hxg4 32.
fxg4 Rf4 33. Kb3 Rxg4 34. Rd2 e5 35. a5 e4 36. b5 e3 37. Rd5 Rg3 38. a6
bxa6 39. bxa6 e2 40. Re5 Kd7 41. a7 Bf6 42. a8=Q Rxc3+ 43. Kb2 Rc6 44. Qa7+
Kc8 45. Qa8+ Kd7 46. Qa7+ Kc8 47. Qa8+ 1/2-1/2

[Event "40th Bosna Open"]
[Site "Sarajevo BIH"]
[Date "2010.05.08"]
[Round "4"]
[White "Kargin,A"]
[Black "Kosintseva,N"]
[Result "1/2-1/2"]
[WhiteElo "2392"]
[BlackElo "2553"]
[EventDate "2010.05.05"]

1. e4 e5 2. Nf3 Nc6 3. Bb5 a6 4. Ba4 Nf6 5. O-O Be7 6. Re1 b5 7. Bb3 O-O 8.
c3 d6 9. h3 Nb8 10. d4 Nbd7 11. Nbd2 Bb7 12. a4 c5 13. Bc2 Qc7 14. Nf1 cxd4
15. cxd4 Rfc8 16. Bd3 bxa4 17. Rxa4 a5 18. Bd2 Bc6 19. Ra1 Qb7 20. Ng3 a4
21. Bc3 Qb8 22. Nf5 Bf8 23. Qd2 Bb5 24. Bc2 a3 25. bxa3 Qc7 26. Qg5 Qxc3
27. Nh6+ Kh8 28. Nxf7+ Kg8 29. Nh6+ 1/2-1/2

[Event "40th Bosna Open"]
[Site "Sarajevo BIH"]
[Date "2010.05.08"]
[Round "4"]
[White "Wang Hao"]
[Black "Manik,M"]
[Result "1-0"]
[WhiteElo "2722"]
[BlackElo "2440"]
[EventDate "2010.05.05"]

1. e4 e5 2. Nf3 Nc6 3. Bb5 a6 4. Ba4 Nf6 5. O-O Be7 6. Re1 b5 7. Bb3 O-O 8.
c3 d6 9. h3 Na5 10. Bc2 d5 11. d4 dxe4 12. Nxe5 c5 13. Bf4 cxd4 14. cxd4
Bb7 15. Nc3 Rc8 16. Nxe4 Nxe4 17. Bxe4 Bxe4 18. Rxe4 Qd5 19. Qf3 Rc2 20.
Bh6 Rd8 21. Bxg7 Kxg7 22. Rg4+ Kf8 23. Qf5 1-0

[Event "40th Bosna Open"]
[Site "Sarajevo BIH"]
[Date "2010.05.08"]
[Round "4"]
[White "Bitalzadeh,A"]
[Black "Nisipeanu,LD"]
[Result "0-1"]
[WhiteElo "2420"]
[BlackElo "2672"]
[EventDate "2010.05.05"]

1. d4 Nf6 2. c4 e6 3. Nc3 Bb4 4. e3 O-O 5. Nge2 d5 6. a3 Bd6 7. Ng3 c6 8.
Be2 Re8 9. O-O Nbd7 10. b4 a5 11. b5 c5 12. dxc5 Nxc5 13. Qc2 b6 14. Bf3
Bb7 15. cxd5 exd5 16. Bb2 Rc8 17. Rad1 Nce4 18. Qb3 Qc7 19. Bxe4 dxe4 20.
Na4 Re6 21. Rc1 Qb8 22. Rxc8+ Bxc8 23. Rc1 Bb7 24. Bd4 h5 25. Bxf6 Rxf6 26.
Nxb6 Bxg3 27. Nd7 Bxf2+ 28. Kh1 Qd8 29. Nxf6+ gxf6 30. Rd1 Qc8 31. Qb2 Bxe3
32. Qxf6 Bd2 33. h3 e3 34. Qg5+ Kf8 35. Qxh5 Qe6 36. Qh8+ Ke7 37. Qh4+ Ke8
38. Qh8+ Ke7 39. Qh4+ Kd7 40. Kg1 Bd5 41. Qd4 e2 42. Qxd2 exd1=Q+ 43. Qxd1
Qb6+ 44. Kh2 Qb8+ 45. Kg1 Qxb5 46. Qd4 Qb1+ 47. Kh2 Qe4 48. Qa7+ Ke6 49.
Qb6+ Kf5 50. Qg1 a4 51. Kh1 Qe2 52. Kh2 Kg6 53. Qb6+ Kh5 54. Qg1 f5 0-1

[Event "40th Bosna Open"]
[Site "Sarajevo BIH"]
[Date "2010.05.08"]
[Round "4"]
[White "Sandipan,C"]
[Black "Thorfinnsson,Br"]
[Result "1-0"]
[WhiteElo "2640"]
[BlackElo "2422"]
[EventDate "2010.05.05"]

1. d4 d5 2. c4 c6 3. Nf3 Nf6 4. Nc3 a6 5. Bd2 g6 6. Qb3 Bg7 7. g3 O-O 8.
Bg2 Ra7 9. O-O h6 10. cxd5 cxd5 11. Ne5 e6 12. Qa3 Re8 13. Rac1 Bf8 14. Qb3
b5 15. a3 Nfd7 16. f4 Qb6 17. e3 Bb7 18. h4 Nxe5 19. fxe5 Nd7 20. h5 g5 21.
Qc2 Re7 22. Nd1 a5 23. b4 a4 24. Nf2 Ra8 25. Ng4 Bg7 26. Qd3 Qd8 27. Bf3
Nf8 28. Bd1 Rc7 29. Rc5 Rxc5 30. bxc5 Bc6 31. Bb4 Ra7 32. Bc2 Rb7 33. Rf2
Qb8 34. Kh2 Qd8 35. Qf1 Ra7 36. Bd3 Rb7 37. Rf3 Qe7 38. Rf6 Bxf6 39. exf6
Qc7 40. Nxh6+ Kh8 41. Ng4 Nd7 42. Bc2 Qd8 43. Qd3 Nf8 44. Kg2 e5 45. Nxe5
Qxf6 46. Qf5 Qxf5 47. Bxf5 Rc7 48. Nxc6 Rxc6 49. e4 1-0

[Event "40th Bosna Open"]
[Site "Sarajevo BIH"]
[Date "2010.05.08"]
[Round "4"]
[White "Kantorik,M"]
[Black "Stefansson,H"]
[Result "0-1"]
[WhiteElo "2390"]
[BlackElo "2588"]
[EventDate "2010.05.05"]

1. d4 Nf6 2. c4 e6 3. Nf3 b6 4. g3 Ba6 5. Qa4 Bb7 6. Bg2 c5 7. dxc5 bxc5 8.
O-O Be7 9. Nc3 O-O 10. Bf4 Qb6 11. Rfd1 Rd8 12. Rab1 Na6 13. a3 Bc6 14. Qc2
Qb7 15. e4 d6 16. Ne1 Rac8 17. e5 dxe5 18. Bxe5 Nb8 19. Rxd8+ Rxd8 20. Rd1
Rc8 21. Nb5 Bxg2 22. Nxg2 Ne8 23. Nf4 Nc6 24. Qe4 a6 25. Nc3 Qxb2 26. Nd3
Qxa3 27. Ne2 Nf6 28. Bxf6 Bxf6 29. Ndf4 Qa4 30. Rd6 Qa1+ 31. Kg2 Qe5 32.
Qd3 g6 33. Rd7 Qf5 34. Qf3 Be5 35. g4 Qf6 36. Qe4 Bxf4 37. Nxf4 Ne5 38. Rd6
Nxg4 39. f3 Qb2+ 40. Ne2 Nf6 41. Qe3 Nh5 42. Kf2 Qf6 43. Qe4 Rb8 44. Rxa6
Rb2 45. Ke1 Kg7 46. Rc6 Qg5 47. Kf1 Nf6 48. Qd3 Qe5 0-1

[Event "40th Bosna Open"]
[Site "Sarajevo BIH"]
[Date "2010.05.08"]
[Round "4"]
[White "Fier,A"]
[Black "Willemze,T"]
[Result "1-0"]
[WhiteElo "2581"]
[BlackElo "2408"]
[EventDate "2010.05.05"]

1. d4 e6 2. Nf3 Nf6 3. c4 c5 4. d5 b5 5. dxe6 fxe6 6. cxb5 a6 7. bxa6 Be7
8. g3 O-O 9. Bg2 d5 10. O-O Nc6 11. Nc3 Rxa6 12. Bg5 h6 13. Bxf6 Bxf6 14.
e4 d4 15. Na4 Qa5 16. b3 c4 17. Nd2 c3 18. Nc4 Qb4 19. a3 Qe7 20. Nab6 Bb7
21. b4 Qc7 22. b5 Rxb6 23. Nxb6 Qxb6 24. bxc6 Ba6 25. Qg4 Bxf1 26. Qxe6+
Kh8 27. Bxf1 c2 28. Rc1 Qb2 29. c7 Qxc1 30. c8=Q Rxc8 31. Qxc8+ Kh7 32. Kg2
Qd1 33. Bc4 c1=Q 34. Qg8+ Kg6 35. Qe8+ 1-0

[Event "40th Bosna Open"]
[Site "Sarajevo BIH"]
[Date "2010.05.08"]
[Round "4"]
[White "Kovacevic,A"]
[Black "Bejtovic,J"]
[Result "1-0"]
[WhiteElo "2573"]
[BlackElo "2379"]
[EventDate "2010.05.05"]

1. e4 c5 2. Nc3 Nc6 3. Bb5 Nd4 4. Bc4 e6 5. Nge2 Nf6 6. O-O b5 7. Nxb5 Nxb5
8. Bxb5 Nxe4 9. d4 Nd6 10. Ba4 c4 11. d5 Be7 12. dxe6 fxe6 13. Qd4 O-O 14.
Bf4 Qa5 15. Bxd6 Bxd6 16. Qxd6 Qxa4 17. Nd4 Qa6 18. Qxa6 Bxa6 19. Rfd1 Rab8
20. b3 Rb6 21. c3 e5 22. Nc2 d6 23. b4 Bc8 24. Ne3 Be6 25. a4 Rd8 26. Rd2
Kf7 27. f4 exf4 28. Rf1 g5 29. g3 Bh3 30. Rf3 d5 31. Nxc4 Re6 32. gxf4 Re1+
33. Kf2 Rf1+ 34. Ke2 Rxf3 35. Kxf3 gxf4 36. Kxf4 Rf8 37. Ne3 Ke6+ 38. Kg3
Bf5 39. Nxd5 Rc8 40. Nf4+ Ke5 41. Rd5+ Ke4 42. Rd4+ Ke3 43. Nd5+ Ke2 44.
Kf4 Bc2 45. b5 Bb3 46. Ke5 Bxd5 47. Kxd5 Rxc3 48. Rh4 1-0

[Event "40th Bosna Open"]
[Site "Sarajevo BIH"]
[Date "2010.05.08"]
[Round "4"]
[White "Gislason,G"]
[Black "Damljanovic,B"]
[Result "0-1"]
[WhiteElo "2372"]
[BlackElo "2539"]
[EventDate "2010.05.05"]

1. d4 d6 2. Nf3 Nf6 3. c4 g6 4. Nc3 Bg7 5. e4 O-O 6. Be2 c5 7. O-O Nc6 8.
d5 Na5 9. h3 e5 10. Bd2 Bd7 11. Qc2 b6 12. Ne1 Nh5 13. Bxh5 gxh5 14. Ne2 f5
15. exf5 Bxf5 16. Qc1 Qe8 17. Ng3 Bg6 18. Nf3 Bd3 19. Rd1 Nxc4 20. Bg5 Nxb2
21. Qxb2 e4 22. Qc1 exf3 23. Re1 Be5 24. Qd2 Qg6 25. Rxe5 dxe5 26. Be7 Rf7
27. d6 Rxe7 28. dxe7 h4 29. Kh2 Re8 30. Rd1 c4 31. gxf3 hxg3+ 0-1

[Event "40th Bosna Open"]
[Site "Sarajevo BIH"]
[Date "2010.05.08"]
[Round "4"]
[White "Mazi,L"]
[Black "Brandenburg,D"]
[Result "0-1"]
[WhiteElo "2383"]
[BlackElo "2503"]
[EventDate "2010.05.05"]

1. e4 c5 2. Nf3 d6 3. d4 cxd4 4. Nxd4 Nf6 5. Nc3 Nc6 6. Bg5 e6 7. Qd2 a6 8.
O-O-O Bd7 9. f4 h6 10. Bh4 g5 11. fxg5 Ng4 12. Be2 Nge5 13. Nf3 Be7 14. Bf2
hxg5 15. Na4 Qa5 16. Qxa5 Nxa5 17. Nb6 Rd8 18. Nxe5 dxe5 19. c3 Bb5 20.
Bxb5+ axb5 21. Rxd8+ Bxd8 22. Nc8 Be7 23. Bg3 Nc6 24. Nxe7 Kxe7 25. Rf1 g4
26. b4 Rh5 27. Rh1 f5 28. Kc2 Kf6 29. Bf2 Rh7 30. Kb3 Nd8 31. Rd1 Nf7 32.
Bg1 Ng5 33. exf5 exf5 34. Rd6+ Ne6 35. Rb6 f4 36. Rxb5 e4 37. Rd5 f3 38.
gxf3 exf3 39. a4 Nf4 40. Bd4+ Kg6 41. Rd6+ Kf5 42. Rf6+ Ke4 43. Ba7 Rxh2
44. Bb8 Nh5 45. Rf8 g3 46. a5 Rh1 47. Re8+ Kf5 48. Rf8+ Kg4 49. Rg8+ Kh4
50. b5 f2 0-1

[Event "40th Bosna Open"]
[Site "Sarajevo BIH"]
[Date "2010.05.08"]
[Round "4"]
[White "Trkulja,G"]
[Black "Djukic,Ni"]
[Result "1-0"]
[WhiteElo "2343"]
[BlackElo "2495"]
[EventDate "2010.05.05"]

1. d4 Nf6 2. Bg5 e6 3. e4 h6 4. Bxf6 Qxf6 5. Nc3 d6 6. Nf3 Nd7 7. h4 a6 8.
Qd2 Qd8 9. O-O-O c5 10. g4 b5 11. Qe3 Bb7 12. d5 e5 13. Kb1 Be7 14. Ne2 Qa5
15. Ng3 c4 16. Nf5 Bf8 17. h5 Nc5 18. N3h4 c3 19. Rh3 Qb4 20. Qxc3 Qxe4 21.
f3 Qf4 22. Qa5 Rc8 23. Ng2 Qg5 24. Bxb5+ axb5 25. Qxb5+ Kd8 26. b4 Nd7 27.
Qxb7 g6 28. Ng3 Rb8 29. Qc6 Rxb4+ 30. Ka1 f5 31. a3 fxg4 32. Rh4 Rb6 33.
Qa8+ Ke7 34. Rxg4 Qf6 35. Rxg6 Qxf3 36. Re6+ Kf7 37. Qe8+ Kg8 38. Rg6+ 1-0

[Event "40th Bosna Open"]
[Site "Sarajevo BIH"]
[Date "2010.05.08"]
[Round "4"]
[White "D'Amore,C"]
[Black "Popovic,Zo1"]
[Result "1-0"]
[WhiteElo "2484"]
[BlackElo "2369"]
[EventDate "2010.05.05"]

1. e4 c6 2. d4 d5 3. e5 Bf5 4. Nd2 e6 5. Nb3 Nd7 6. Nf3 Ne7 7. Be2 Bg6 8.
O-O Nf5 9. a4 a5 10. Bd2 Be7 11. Qe1 b6 12. c4 dxc4 13. Bxc4 O-O 14. g4 Nh4
15. Nxh4 Bxh4 16. Qe2 h6 17. f4 Bh7 18. Qf3 b5 19. Bd3 Bxd3 20. Qxd3 b4 21.
Rac1 Nb6 22. Rxc6 Nxa4 23. Rd6 Qb8 24. g5 Nxb2 25. Qh3 hxg5 26. fxg5 Nc4
27. Qxh4 Nxd6 28. exd6 Qxd6 29. Rf3 e5 30. Rh3 f5 31. Qh5 Ra6 32. Qh7+ Kf7
33. Rh6 Qd5 34. Rxa6 Qxb3 35. Qh5+ Ke7 36. Rxa5 e4 37. Ra7+ Kd6 38. Qe2 Rc8
39. Bf4+ Kd5 40. Qb5+ Kxd4 41. Qd7+ 1-0

[Event "40th Bosna Open"]
[Site "Sarajevo BIH"]
[Date "2010.05.08"]
[Round "4"]
[White "Kamberovic,S"]
[Black "Neubauer,M"]
[Result "0-1"]
[WhiteElo "2239"]
[BlackElo "2458"]
[EventDate "2010.05.05"]

1. d4 Nf6 2. Nf3 c5 3. e3 d5 4. b3 cxd4 5. exd4 Nc6 6. Be2 Bf5 7. O-O e6 8.
Bb2 Be7 9. Nbd2 h6 10. Ne5 O-O 11. Bd3 Bxd3 12. Nxd3 Qb6 13. c3 Rad8 14.
Qe2 Rfe8 15. f4 Bd6 16. Kh1 Nd7 17. Rae1 f5 18. g4 Nf6 19. g5 Ne4 20. Rg1
hxg5 21. fxg5 g6 22. Nf3 Kg7 23. c4 Qc7 24. c5 Bxh2 25. Nxh2 Rh8 26. Ne5
Nxe5 27. dxe5 Rh3 28. Qc2 d4 29. c6 d3 30. Qc4 Qxc6 31. Qxc6 bxc6 32. Rg2
d2 33. Rd1 Re3 34. Bc3 Rxc3 35. Nf1 Rc1 36. Ne3 f4 37. Rgxd2 Rxd1+ 38. Rxd1
Nf2+ 0-1

[Event "40th Bosna Open"]
[Site "Sarajevo BIH"]
[Date "2010.05.08"]
[Round "4"]
[White "Solic,K"]
[Black "Pruijssers,R"]
[Result "1/2-1/2"]
[WhiteElo "2222"]
[BlackElo "2443"]
[EventDate "2010.05.05"]

1. Nf3 Nf6 2. c4 g6 3. Nc3 Bg7 4. e4 d6 5. d4 O-O 6. Be2 e5 7. O-O Na6 8.
Re1 exd4 9. Nxd4 Ng4 10. Bxg4 Bxg4 11. Qxg4 Bxd4 12. Bg5 Qc8 13. Qxc8 Raxc8
14. Nd5 Kh8 15. e5 h5 16. Bf6+ Kh7 17. exd6 Bxf6 18. Nxf6+ Kg7 19. d7 Rcd8
20. Ne8+ Kh6 21. Rad1 Nb8 22. Nxc7 Nxd7 23. Nb5 Nf6 24. f3 a6 25. Nd6 Rd7
26. c5 Rb8 27. Nc4 Rbd8 28. Rd6 Rxd6 29. Nxd6 Rd7 30. Rd1 g5 31. Kf2 Kg6
32. Rd2 g4 33. Rd4 gxf3 34. Kxf3 Ng4 35. Kf4 a5 36. b4 axb4 37. Rxb4 Rc7
38. Nxb7 Re7 39. a4 Re2 40. Rb6+ f6 41. c6 Ne5 42. Nc5 Rf2+ 43. Ke4 Rc2 44.
Kd5 Rd2+ 45. Ke4 Nc4 46. a5 Nd6+ 47. Kf3 Rc2 48. Ne6 Kf7 49. Nd4 Rc4 50.
Nb5 Nxb5 51. Rxb5 Rxc6 52. Rxh5 Rc3+ 53. Ke4 Ra3 54. Rb5 Ra2 55. Kf3 Kg6
56. h4 f5 57. g3 Ra3+ 58. Kf4 Ra4+ 59. Ke5 Ra3 60. Rb6+ Kh5 61. Kf4 Rxa5
62. Rf6 Ra4+ 63. Kxf5 Ra3 64. Kf4 Rf3+ 65. Kxf3 1/2-1/2

[Event "40th Bosna Open"]
[Site "Sarajevo BIH"]
[Date "2010.05.08"]
[Round "4"]
[White "Ivanisevic,I"]
[Black "Burovic,I"]
[Result "1-0"]
[WhiteElo "2630"]
[BlackElo "2352"]
[EventDate "2010.05.05"]

1. d4 g6 2. c4 Bg7 3. Nc3 d6 4. e4 Nf6 5. Nf3 O-O 6. Be2 e5 7. Be3 Nbd7 8.
O-O Re8 9. d5 Nh5 10. g3 Bf8 11. Ne1 Ng7 12. Nd3 f5 13. f3 Nf6 14. Kh1 h5
15. Nf2 Re7 16. Bd3 Rf7 17. Qe2 Nh7 18. Rg1 g5 19. exf5 Nxf5 20. Raf1 Nxe3
21. Qxe3 Rg7 22. f4 exf4 23. gxf4 g4 24. f5 Be7 25. Nfe4 Bf6 26. Qh6 Bd4
27. f6 Rf7 28. Ng5 Nxg5 29. Qxg5+ Kf8 30. Qh6+ Kg8 31. Bg6 g3 1-0

[Event "40th Bosna Open"]
[Site "Sarajevo BIH"]
[Date "2010.05.08"]
[Round "4"]
[White "Mamedov,Rau"]
[Black "Pavlovic,Milo2"]
[Result "1-0"]
[WhiteElo "2653"]
[BlackElo "2478"]
[EventDate "2010.05.05"]

1. c4 Nf6 2. Nc3 d5 3. cxd5 Nxd5 4. g3 e5 5. Bg2 Nb6 6. Nf3 Nc6 7. O-O Be7
8. d3 O-O 9. Be3 Be6 10. Rc1 Nd5 11. Nxd5 Bxd5 12. Qa4 Re8 13. Rfd1 Bf8 14.
a3 a6 15. Bc5 Bxc5 16. Rxc5 Qd6 17. Rdc1 Rad8 18. Qh4 h6 19. Qh5 e4 20. Nh4
Re5 21. Nf5 Qf6 22. dxe4 Bxe4 23. Rxe5 Qxe5 24. Nxh6+ gxh6 25. Qxe5 Nxe5
26. Bxe4 c6 27. Rc5 f6 28. f4 Rd4 29. Bf5 Nf7 30. Bd3 Kg7 31. Kf2 Nd8 32.
Rc4 Rd6 33. Ke3 Ne6 34. f5 Nc7 35. Rg4+ Kf7 36. Bc4+ Nd5+ 37. Kf3 Kf8 38.
Rd4 Ke7 39. Bxd5 cxd5 40. b4 1-0

[Event "40th Bosna Open"]
[Site "Sarajevo BIH"]
[Date "2010.05.08"]
[Round "4"]
[White "Szabo,Krisz1"]
[Black "Vuckovic,Bo"]
[Result "0-1"]
[WhiteElo "2506"]
[BlackElo "2640"]
[EventDate "2010.05.05"]

1. e4 c5 2. Nf3 Nc6 3. d4 cxd4 4. Nxd4 Nf6 5. Nc3 e5 6. Ndb5 d6 7. Bg5 a6
8. Na3 b5 9. Nd5 Be7 10. Bxf6 Bxf6 11. c3 Rb8 12. Nc2 O-O 13. h4 Be7 14. g3
Be6 15. a3 Qd7 16. Ncb4 Nxb4 17. axb4 Ra8 18. Bg2 Bd8 19. O-O Qc6 20. Qd3
Bxd5 21. Qxd5 Qxd5 22. exd5 Bb6 23. c4 f5 24. Rac1 Bd4 25. c5 Bxb2 26. Rc2
Ba3 27. Rb1 a5 28. bxa5 Rxa5 29. c6 b4 30. Bf1 g6 31. Bc4 Kf7 32. Bb3 Ke7
33. f4 e4 34. Kf2 h5 35. Ke3 Kd8 36. Kd4 Kc7 37. Bc4 Rb8 38. Rb3 Rc5 39.
Ra2 Ra5 40. Rc2 Rc5 41. Ra2 Rb6 42. Rc2 Rbb5 43. Ra2 Ra5 44. Rc2 Kb6 45.
Ke3 Ra7 46. Kd4 Ka5 47. Re3 Ka4 48. Bb3+ Kb5 49. Rxc5+ dxc5+ 50. Ke5 c4 51.
Ba2 Kc5 52. Ke6 Rc7 53. Bxc4 Kxc4 54. Kd6 Ra7 55. c7 Rxc7 56. Kxc7 Kxd5 0-1

[Event "40th Bosna Open"]
[Site "Sarajevo BIH"]
[Date "2010.05.08"]
[Round "4"]
[White "Prohaszka,P2"]
[Black "Predojevic,B"]
[Result "1/2-1/2"]
[WhiteElo "2510"]
[BlackElo "2628"]
[EventDate "2010.05.05"]

1. d4 Nf6 2. c4 e6 3. Nf3 b6 4. g3 Bb7 5. Bg2 Bb4+ 6. Bd2 a5 7. O-O O-O 8.
Nc3 d6 9. b3 Nbd7 10. a3 Bxc3 11. Bxc3 h6 12. Qc2 Be4 13. Qb2 Qb8 14. a4 c6
15. Bh3 d5 16. Nd2 Bg6 17. Bg2 Rc8 18. Rfc1 Ra7 19. Qa3 h5 20. cxd5 cxd5
21. Bb2 Rac7 22. Rxc7 Rxc7 23. Rc1 Rxc1+ 24. Bxc1 Qc7 25. Qb2 Nb8 26. Nf1
Qc2 27. Ne3 Qxb2 28. Bxb2 Kf8 29. f3 Nc6 30. Kf2 Ke7 1/2-1/2

[Event "40th Bosna Open"]
[Site "Sarajevo BIH"]
[Date "2010.05.08"]
[Round "4"]
[White "Berg,E"]
[Black "Gerzhoy,L"]
[Result "1/2-1/2"]
[WhiteElo "2616"]
[BlackElo "2469"]
[EventDate "2010.05.05"]

1. e4 e5 2. Nf3 Nc6 3. Bb5 a6 4. Ba4 Nf6 5. O-O Be7 6. Re1 b5 7. Bb3 d6 8.
c3 O-O 9. h3 Bb7 10. d3 Na5 11. Bc2 c5 12. Nbd2 Re8 13. Nf1 h6 14. Ng3 Bf8
15. d4 cxd4 16. cxd4 d5 17. Nxe5 dxe4 18. Bf4 Rc8 19. Re2 Nc4 20. Nxc4 Rxc4
21. Be5 Bd6 22. b3 Rc7 23. Bxf6 Qxf6 24. Nxe4 Bxe4 25. Bxe4 Rce7 26. Qd3
Bc7 27. g3 Bb6 28. Rd1 g6 29. Rdd2 Kg7 30. Kg2 Rc8 31. h4 Rec7 32. Bf3 Rc3
33. Qe4 Rd8 34. d5 b4 35. Rd3 a5 36. Red2 Bc5 37. h5 g5 38. Bg4 Rd6 39. Rf3
Rxf3 40. Bxf3 Bb6 41. Rc2 Qd4 42. Qe8 Rd8 43. Qe2 Qf6 44. Qb5 Rd6 45. Qe2
Rd8 46. Rc4 Rd6 47. Rc8 Rd8 48. Rc6 Rd6 49. Rc4 Rd8 50. Qd2 Rd6 51. Rc8 Qf5
52. Rc4 Qf6 53. Qc2 Qe5 54. Re4 Qf6 55. Re2 Rd8 56. Qe4 Rd6 57. Rc2 Qd4 58.
Qe8 Rd8 59. Qe7 g4 60. Bxg4 Qxg4 61. Rc6 Qxh5 62. Qf6+ Kg8 63. Rxb6 Qxd5+
64. Kh2 Qh5+ 65. Kg2 Qd5+ 66. f3 Qg5 67. Qxg5+ hxg5 68. Rb5 Rd2+ 69. Kh3
Rxa2 70. Rxg5+ Kf8 71. Kg4 Ra3 1/2-1/2

[Event "40th Bosna Open"]
[Site "Sarajevo BIH"]
[Date "2010.05.08"]
[Round "4"]
[White "Lenic,L"]
[Black "Manea,Al"]
[Result "1-0"]
[WhiteElo "2592"]
[BlackElo "2396"]
[EventDate "2010.05.05"]

1. d4 d5 2. Nf3 c6 3. c4 Nf6 4. e3 Bf5 5. Nc3 e6 6. Nh4 Bg6 7. Nxg6 hxg6 8.
a3 Nbd7 9. g3 Be7 10. b3 e5 11. Bg2 e4 12. Bd2 Nf8 13. cxd5 cxd5 14. f3
exf3 15. Qxf3 Rh5 16. g4 Rg5 17. h4 Rxg4 18. Nxd5 N8d7 19. h5 gxh5 20. Rxh5
Nxh5 21. Qxg4 g6 22. Qe4 Nhf6 23. Qf4 Nh5 24. Qe4 Nhf6 25. Qxe7+ Qxe7 26.
Nxe7 Kxe7 27. Rc1 Ne8 28. Bb4+ Ke6 29. Bxb7 Rb8 30. Rc6+ Kf5 31. Bc8 Nef6
32. Rc7 a5 33. Bxa5 Rxb3 34. Bxd7+ Nxd7 35. Rxd7 Rxe3+ 36. Kd2 Rxa3 37.
Rxf7+ Ke6 38. Re7+ Kf5 39. Re5+ Kf4 40. Bd8 1-0

[Event "40th Bosna Open"]
[Site "Sarajevo BIH"]
[Date "2010.05.08"]
[Round "4"]
[White "Bindrich,F"]
[Black "De Verdier,M"]
[Result "1-0"]
[WhiteElo "2539"]
[BlackElo "2310"]
[EventDate "2010.05.05"]

1. e4 e5 2. Nf3 Nc6 3. Bb5 a6 4. Ba4 Nf6 5. O-O Be7 6. Re1 b5 7. Bb3 d6 8.
c3 O-O 9. h3 Na5 10. Bc2 c5 11. d4 Nd7 12. dxc5 dxc5 13. Nbd2 Bb7 14. Nf1
Nc4 15. b3 Nd6 16. Qe2 Re8 17. Bb2 f6 18. N3d2 Nf8 19. Ne3 Ne6 20. Nd5 Bf8
21. Rad1 b4 22. cxb4 Nb5 23. bxc5 Bxc5 24. Nf3 Nbd4 25. Bxd4 Bxd4 26. b4
Kh8 27. Ba4 Rf8 28. Rc1 Bxd5 29. exd5 Nf4 30. Qd2 Bb6 31. d6 Ne6 32. Qd5
Nf4 33. Qd2 Ne6 34. d7 Nd4 35. Nxd4 Bxd4 36. Rc4 Qb6 37. Rec1 Rad8 38. Rc8
g6 39. R1c6 Qb7 40. Rxd8 Rxd8 41. Rxf6 Kg7 42. Rf3 h6 43. a3 Qb6 44. Qc2 a5
45. Qc4 h5 46. Qf7+ Kh6 47. Rf6 1-0

[Event "40th Bosna Open"]
[Site "Sarajevo BIH"]
[Date "2010.05.08"]
[Round "4"]
[White "Bogut,Z"]
[Black "Das,Arg"]
[Result "0-1"]
[WhiteElo "2468"]
[BlackElo "2481"]
[EventDate "2010.05.05"]

1. c4 e6 2. Nc3 d5 3. cxd5 exd5 4. d4 c6 5. Bf4 Bd6 6. Bxd6 Qxd6 7. Nf3 Nf6
8. e3 Bf5 9. Ne5 Nbd7 10. g4 Be6 11. f4 Nb6 12. Qf3 h5 13. g5 Ng4 14. f5
Bd7 15. Qf4 f6 16. gxf6 gxf6 17. Nxg4 Qxf4 18. Nxf6+ Kf7 19. exf4 Kxf6 20.
Kf2 Bxf5 21. Re1 Rag8 22. Be2 Nd7 23. Rhg1 Rxg1 24. Rxg1 Nf8 25. Nd1 Ng6
26. Ke3 Re8+ 27. Kd2 Nxf4 28. Bf3 Be4 29. Rf1 Bxf3 30. Nc3 Kg5 31. Rxf3 h4
32. Rf1 Kg4 33. Rf2 a5 34. a4 b6 35. b3 c5 36. Nb5 Re4 37. dxc5 bxc5 38.
Nc3 Re6 39. Nd1 d4 40. Nb2 Re3 41. Kc2 Rc3+ 42. Kd2 Rxb3 43. Nc4 h3 44. Rf1
Rd3+ 45. Ke1 Rc3 46. Ne5+ Kf5 47. Nc6 Ra3 48. Nxa5 Rxa4 49. Nb3 Rc4 50. Kd2
Rc3 51. Nc1 Re3 52. Rg1 Rf3 53. Kd1 c4 54. Rg8 Rf1+ 55. Kd2 Rf2+ 56. Kd1
Rxh2 57. Rf8+ Ke4 0-1

[Event "40th Bosna Open"]
[Site "Sarajevo BIH"]
[Date "2010.05.08"]
[Round "4"]
[White "Grandelius,N"]
[Black "Lejlic,S"]
[Result "1-0"]
[WhiteElo "2476"]
[BlackElo "2362"]
[EventDate "2010.05.05"]

1. d4 d5 2. c4 Bf5 3. cxd5 Bxb1 4. Qa4+ c6 5. Rxb1 Qxd5 6. Nf3 Nd7 7. b4 e6
8. Qc2 Ngf6 9. e3 Be7 10. Bd3 a5 11. e4 Qh5 12. e5 Nd5 13. bxa5 Nb4 14. Qd2
Nxd3+ 15. Qxd3 Rxa5 16. Rxb7 Qg6 17. Qc3 Qe4+ 18. Be3 Ra3 19. Qb2 Qd3 20.
Rb3 Qa6 21. Rxa3 Bxa3 22. Qe2 Bb4+ 23. Kf1 Qa5 24. g3 Qd5 25. Kg2 O-O 26.
Rc1 Ba3 27. Rc3 Ra8 28. Qc4 Qxc4 29. Rxc4 Ra6 30. Nd2 f6 31. exf6 Nxf6 32.
Nb3 Nd5 33. Bd2 Kf7 34. Na5 Ne7 35. Rc2 Ke8 36. Nc4 Nf5 37. Be3 Ne7 38. Rc3
Bb4 39. Rb3 Nd5 40. a3 Be7 41. Rb7 Ra4 42. Ne5 Rxa3 43. Rb8+ Bd8 44. Bg5
Nf6 45. Nxc6 Kd7 46. Nxd8 1-0

[Event "40th Bosna Open"]
[Site "Sarajevo BIH"]
[Date "2010.05.08"]
[Round "4"]
[White "Bologan,V"]
[Black "Rasidovic,S"]
[Result "1-0"]
[WhiteElo "2668"]
[BlackElo "2348"]
[EventDate "2010.05.05"]

1. e4 e6 2. d4 d5 3. Nc3 Bb4 4. e5 Ne7 5. a3 Bxc3+ 6. bxc3 c5 7. Qg4 Kf8 8.
Qd1 Qc7 9. Nf3 b6 10. a4 Ba6 11. Bxa6 Nxa6 12. O-O Rc8 13. a5 b5 14. Qe2
cxd4 15. Qxb5 Nc5 16. cxd4 Ne4 17. Ba3 f6 18. c4 dxc4 19. exf6 gxf6 20.
Rfe1 f5 21. d5 Kg7 22. d6 1-0

[Event "40th Bosna Open"]
[Site "Sarajevo BIH"]
[Date "2010.05.08"]
[Round "4"]
[White "Kanmazalp,O"]
[Black "Abasov,N"]
[Result "1/2-1/2"]
[WhiteElo "2287"]
[BlackElo "2525"]
[EventDate "2010.05.05"]

1. e4 c5 2. c3 d5 3. exd5 Qxd5 4. d4 cxd4 5. cxd4 Nc6 6. Nf3 e5 7. Nc3 Bb4
8. Bd2 Bxc3 9. Bxc3 e4 10. Ne5 Nxe5 11. dxe5 Ne7 12. Qa4+ Bd7 13. Qb4 a5
14. Qd6 Qxd6 15. exd6 Nf5 16. Be2 b5 17. g4 Nxd6 18. Bxg7 Rg8 19. Be5 Nc4
20. Bxc4 bxc4 21. h3 f5 22. gxf5 Bxf5 23. O-O-O Ke7 24. Bg3 1/2-1/2